Низкочастотные излучения в магнитосфере Земли: материалы VII Всесоюзного семинара по ОНЧ-излучениям, г. Якутск, 1985 г.

التفاصيل البيبلوغرافية
مؤلفون مشاركون: Низкочастотные излучения в магнитосфере Земли, Академия наук СССР (АН СССР) Институт земного магнетизма, ионосферы и распространения радиоволн (ИЗМИРАН)
مؤلفون آخرون: Лихтер Я. И. (редактор)
اللغة:الروسية
منشور في: Москва, Изд-во ИЗМИРАН, 1986
الموضوعات:
التنسيق: MixedMaterials كتاب
KOHA link:https://koha.lib.tpu.ru/cgi-bin/koha/opac-detail.pl?biblionumber=272835

MARC

LEADER 00000nam0a2200000 4500
001 272835
005 20231101234555.0
035 |a (RuTPU)RU\TPU\book\296044 
090 |a 272835 
100 |a 20141022d1986 k y0rusy50 ca 
101 0 |a rus 
102 |a RU 
105 |a y z 101zy 
200 1 |a Низкочастотные излучения в магнитосфере Земли  |e материалы VII Всесоюзного семинара по ОНЧ-излучениям, г. Якутск, 1985 г.  |f Академия наук СССР (АН СССР), Институт земного магнетизма, ионосферы и распространения радиоволн (ИЗМИРАН) ; под ред. Я. И. Лихтера 
210 |a Москва  |c Изд-во ИЗМИРАН  |d 1986 
215 |a 216 с. 
320 |a Библиогр. в конце докл. 
606 1 |a Ионосфера  |2 stltpush  |3 (RuTPU)RU\TPU\subj\13104  |9 39768 
610 1 |a излучения 
610 1 |a Земля 
610 1 |a магнитосфера 
610 1 |a волновые явления 
610 1 |a магнитосферная плазма 
610 1 |a спектры излучения 
610 1 |a генерация 
610 1 |a волны 
610 1 |a электромагнитное поле 
610 1 |a семинары 
675 |a 550.388(063)  |v 3 
702 1 |a Лихтер  |b Я. И.  |4 340 
712 1 2 |a Низкочастотные излучения в магнитосфере Земли  |c семинар  |d 7  |e Якутск  |f 1985 
712 0 2 |a Академия наук СССР (АН СССР)  |b Институт земного магнетизма, ионосферы и распространения радиоволн (ИЗМИРАН)  |2 stltpush  |3 (RuTPU)RU\TPU\col\12157 
801 1 |a RU  |b 63413507  |c 20141022 
801 2 |a RU  |b 63413507  |c 20160413  |g RCR 
942 |c BK